Violencia en la sexualidad

Detalles Bibliográficos
Autor principal: Morfn̕ Olivares, Mara̕ Guadalupe
Formato: eBook
Lenguaje:español
Publicado: Madrid: Editorial Acadm̌ica Espaǫla, 2019
Materias:
Acceso en línea:Acceso restringido

MARC

LEADER 00000nam a22000007a 4500
005 20191009222123.0
007 cr|||| |||
008 191009s2019 es |||||s|||| 00||0 spa d
020 |a 9786139466085 
035 |a 29754 
040 |a vLex 
090 |c 9764  |d 9764 
100 1 |a Morfn̕ Olivares, Mara̕ Guadalupe 
245 1 0 |a Violencia en la sexualidad  |h [Recurso electrn̤ico] /  |c Mara̕ Guadalupe Morfn̕ Olivares 
256 |a Servicio en ln̕ea 
260 |a Madrid:  |b Editorial Acadm̌ica Espaǫla,  |c 2019 
300 |a 1 recurso electrn̤ico 
500 |a La violencia es un fenm̤eno que alarma a todas las sociedades sin excepcin̤ alguna. Actualmente, existen agentes inmersos en el estudio de tal problemt̀ica con el objetivo de mostrar las aristas que surgen de tal concepto. Se vislumbra imprescindible el trabajo de investigacin̤ y la creacin̤ de alternativas para la identificacin̤, contencin̤, prevencin̤ y mejoramiento del estrato social a partir del conocimiento cientf̕ico. Desde esta perspectiva, la Criminologa̕ pretende elaborar programas que mitiguen y trasciendan las concepciones equv̕ocas que se han suscitado; as ̕mismo, seąlar las dimensiones y alcances desde su competencia. Esta obra pretende dar a conocer las quimeras especf̕icas de la violencia en una modalidad novedosa enfocada en la sexualidad humana; para as,̕ implementar modelos preventivos que auxilien a los r̤ganos de justicia en la lucha constante por disminuir los n̕dices de violencia, adems̀ de la promocin̤ de los Derechos Humanos de cada individuo. 
506 1 |a Disponible solo en los productos indicados  |d vLex Global  |d vLex Global (Academic Edition, excluding Law Schools)  |d vLex Global (U.S. Academic Edition, Law Schools)  |d vLex Global (U.S. Academic Edition, excluding Law Schools)  |d vLex Global (Academic Edition, Law Schools) 
650 0 4 |a Derecho Penal  |z Espaą 
740 0 |a vLex Libros (Servicio en ln̕ea) 
856 4 0 |u http://vlex.com/source/29754  |z Acceso restringido 
942 |c BOOK 
999 0 |a Criminal law